Estadísticas para Ciudades Capitales más Calurosos

Haz click aquí para intentar la prueba.

Estadísticas generales

  • Esta prueba ha sido intentada 795 veces
  • La puntuación promedio es 13 de 30

Estadísticas de respuestas

°C°FCapital% Correcto
33,391,9Riad
78%
31,488,5Nueva Delhi
73%
34,594,0Abu Dabi
72%
32,790,9Doha
72%
34,393,7Kuwait
63%
37,098,6Jartum
60%
33,391,9Bangkok
58%
33,392,0Mascate
56%
33,091,5Abuya
53%
32,490,3Kuala Lumpur
51%
33,892,8Ciudad de Panamá
48%
35,095,0Bamako
47%
36,297,2Niamey
47%
35,896,4Yamena
46%
32,490,4Nuakchot
43%
31,689,0Bangui
41%
34,594,1Yuba
40%
33,993,0Yibuti
39%
31,889,2Managua
38%
34,994,8Uagadugú
36%
32,891,2Puerto Príncipe
35%
31,488,5Kingston
34%
32,991,2Nom Pen
33%
32,089,6Banjul
31%
31,989,4Conakri
31%
31,588,7Bisáu
29%
32,590,5Naipyidó
28%
31,388,3Port Moresby
24%
31,889,2Bandar Seri Begawan
22%
31,488,6Tarawa Sur
12%

Distribución de puntuación

Porcentaje por número respondido

Porcentaje de gente con cada puntuación

Historial de tus puntuaciones

No has intentado esta prueba.